[Event "SR 3. liga A2 2010/2011"]
[Site "?"]
[Date "2010.12.12"]
[Round "5.1"]
[White "Horak, Ivan"]
[Black "Kapusta, Petr"]
[Result "0-1"]
[WhiteElo "2080"]
[BlackElo "2172"]
[PlyCount "66"]
[EventDate "2010.??.??"]
[WhiteTeam "Slovakia"]
[BlackTeam "II"]
[WhiteTeamCountry "SVK"]
[BlackTeamCountry "SVK"]

1. e4 c5 2. Nc3 Nc6 3. f4 g6 4. Nf3 Bg7 5. Bb5 Nd4 6. O-O Nxb5 7. Nxb5 d6 8. d3
a6 9. Nc3 e6 10. Qe1 Ne7 11. Rb1 O-O 12. Kh1 b5 13. Ne2 Bb7 14. Bd2 d5 15. e5
d4 16. Ng3 h5 17. Ne4 Nf5 18. Nxc5 Bxf3 19. Rxf3 Qd5 20. Ne4 Qxa2 21. Nf6+ Bxf6
22. exf6 Rfc8 23. c3 Qd5 24. Qe2 a5 25. Kg1 a4 26. Rh3 a3 27. bxa3 dxc3 28. Bc1
c2 29. Rb4 Rxa3 30. Re4 Ra1 31. Qf1 b4 32. Re1 Qd4+ 33. Kh1 b3 0-1

[Event "SR 3. liga A2 2010/2011"]
[Site "?"]
[Date "2010.12.12"]
[Round "5.1"]
[White "Lesny, Stefan"]
[Black "Veselsky, Jozef"]
[Result "1/2-1/2"]
[WhiteElo "2100"]
[BlackElo "2118"]
[PlyCount "110"]
[EventDate "2010.??.??"]
[WhiteTeam "Slovakia"]
[BlackTeam "II"]
[WhiteTeamCountry "SVK"]
[BlackTeamCountry "SVK"]

1. e4 c5 2. f4 d6 3. Nf3 Nc6 4. c3 e5 5. d3 Nf6 6. Be2 Be7 7. Na3 O-O 8. Nc2
Qb6 9. fxe5 dxe5 10. Ne3 Be6 11. c4 Qc7 12. Nd5 Bxd5 13. cxd5 Nd4 14. Nxd4 cxd4
15. Bd2 Qb6 16. Rb1 Rac8 17. Qa4 a6 18. Qa5 $11 Qxa5 19. Bxa5 Rc2 20. Bd2 Rfc8
21. Bd1 R2c7 22. Bb3 Bc5 23. h3 Ne8 24. Ke2 Nd6 25. g4 Ra8 26. Rbc1 a5 27. h4
Rcc8 28. Be1 f6 29. g5 Bb6 30. Rxc8+ Rxc8 31. gxf6 gxf6 32. Bd2 Kf7 33. Kf2 Rg8
34. Kf3 Ke7 35. Ba4 Bd8 36. b4 b5 37. Bd1 a4 38. Be2 f5 39. Rc1 Kd7 40. exf5
Nxf5 41. Rc5 Nd6 42. Be1 h5 43. Bg3 e4+ 44. Kf2 e3+ 45. Kf3 Nf5 46. Bf4 Nxh4+
47. Ke4 Bf6 48. Rc7+ Kd8 49. d6 Re8+ 50. Kd5 Ng6 51. Bh2 Be5 52. Bxe5 Rxe5+ 53.
Kc6 Rf5 54. Rd7+ Kc8 55. Rc7+ Kd8 1/2-1/2

[Event "SR 3. liga A2 2010/2011"]
[Site "?"]
[Date "2010.12.12"]
[Round "5.1"]
[White "Mihalik, Marek"]
[Black "Jablonicky, Frantisek"]
[Result "0-1"]
[WhiteElo "2080"]
[BlackElo "2150"]
[PlyCount "48"]
[EventDate "2010.??.??"]
[WhiteTeam "Slovakia"]
[BlackTeam "II"]
[WhiteTeamCountry "SVK"]
[BlackTeamCountry "SVK"]

1. d4 f5 2. g3 Nf6 3. Bg2 g6 4. Nf3 Bg7 5. O-O O-O 6. c3 Qe8 7. Nbd2 Nc6 8. e3
d6 9. Qe2 e5 10. dxe5 dxe5 11. e4 f4 12. Ne1 g5 13. b4 a6 14. a4 Kh8 15. Ba3
Rg8 16. Nd3 b5 17. a5 Bh6 18. Nc5 g4 19. f3 gxf3 20. Qxf3 Ng4 21. Rfe1 fxg3 22.
h3 Bxd2 23. Re2 Rf8 24. Qxg3 Bf4 0-1

[Event "SR 3. liga A2 2010/2011"]
[Site "?"]
[Date "2010.12.12"]
[Round "5.1"]
[White "Pribila, Gerhard"]
[Black "Sosna, Jan"]
[Result "0-1"]
[WhiteElo "2032"]
[BlackElo "2396"]
[PlyCount "124"]
[EventDate "2010.??.??"]
[WhiteTeam "Slovakia"]
[BlackTeam "II"]
[WhiteTeamCountry "SVK"]
[BlackTeamCountry "SVK"]

1. e4 e5 2. Nf3 Nc6 3. d4 exd4 4. Nxd4 Bc5 5. Nxc6 Qf6 6. Qf3 bxc6 7. Qxf6 Nxf6
8. Bd3 O-O 9. O-O Re8 10. Nc3 Rb8 11. Na4 Bf8 12. f3 d5 13. exd5 cxd5 14. b3
Bd7 15. Nb2 Bc5+ 16. Kh1 Bd4 17. Rb1 c5 18. c4 Be6 19. Bf4 Rb7 20. cxd5 Nxd5
21. Be4 Rd7 22. Bd2 Rb8 23. Nc4 Nc3 24. Bxc3 Bxc3 25. Rfd1 $11 Rbd8 26. Rxd7
Rxd7 27. Bc2 Kf8 28. Rd1 Bd4 29. g4 h5 30. h3 Re7 31. Bd3 g6 32. Kg2 f5 33. Kg3
Kg7 34. g5 h4+ 35. Kg2 Bxc4 36. Bxc4 f4 37. b4 Re5 38. bxc5 Rxg5+ 39. Kh2 Bxc5
40. Rd5 Bg1+ 41. Kh1 Rg3 42. Rd7+ Kf6 43. Bd5 Be3 44. Kh2 Rg1 45. Be4 Ra1 46.
Rd6+ Ke5 47. Rd5+ Ke6 48. Ra5 Bb6 49. Rg5 Rxa2+ 50. Kh1 Ra1+ 51. Kh2 Bd4 52.
Rxg6+ Bf6 53. Rg2 a5 54. Rc2 a4 55. Rc6+ Ke7 56. Bd5 Bd4 57. Rc4 Bg1+ 58. Kg2
Kd6 59. Bb7 Be3 60. Bc8 a3 61. Rc2 a2 62. Kh2 Rh1+ 0-1

[Event "SR 3. liga A2 2010/2011"]
[Site "?"]
[Date "2010.12.12"]
[Round "5.2"]
[White "Gasa, Andrej"]
[Black "Pribila, Michal"]
[Result "1/2-1/2"]
[WhiteElo "2256"]
[BlackElo "2103"]
[PlyCount "92"]
[EventDate "2010.??.??"]
[WhiteTeam "Slovakia"]
[BlackTeam "II"]
[WhiteTeamCountry "SVK"]
[BlackTeamCountry "SVK"]

1. d4 c5 2. dxc5 e6 3. g3 Bxc5 4. Bg2 Nf6 5. Nf3 Nc6 6. O-O d5 7. c4 O-O 8. a3
dxc4 9. Qc2 Qb6 10. e3 Bd7 11. Nbd2 Na5 12. Ne5 Bb5 13. Ndxc4 Nxc4 14. Nxc4 Qa6
15. b3 Rac8 16. Bb2 Be7 17. Rfc1 Nd7 18. a4 Bxc4 19. bxc4 Rc7 20. a5 Rfc8 21.
Qa4 b6 22. Rd1 Nf6 23. Qb5 Qxb5 24. cxb5 bxa5 25. Rxa5 Bc5 26. Be5 Re7 27. Bc6
Ng4 28. Bb2 f6 29. Rd7 Rc7 30. Rd8+ Kf7 31. Ra6 Ne5 32. Bxe5 fxe5 33. Kf1 Bb6
34. Rh8 h6 35. Ra2 Kf6 36. Ke2 e4 37. Ra4 e5 38. Rxe4 a6 39. Rf8+ Ke6 40. h4
axb5 41. Bxb5 Kd5 42. Ra4 Rc2+ 43. Kf1 Rb2 44. Bc4+ Kd6 45. Bd3 Rc7 46. Ra1 Ke7
$11 1/2-1/2

[Event "SR 3. liga A2 2010/2011"]
[Site "?"]
[Date "2010.12.12"]
[Round "5.2"]
[White "Hirmajer, Jan"]
[Black "Svoboda, Adam"]
[Result "0-1"]
[WhiteElo "2030"]
[BlackElo "1925"]
[PlyCount "112"]
[EventDate "2010.??.??"]
[WhiteTeam "Slovakia"]
[BlackTeam "II"]
[WhiteTeamCountry "SVK"]
[BlackTeamCountry "SVK"]

1. c4 e6 2. Nc3 d5 3. cxd5 exd5 4. Nf3 Nf6 5. d4 c6 6. Bg5 Be7 7. e3 h6 8. Bxf6
Bxf6 9. Be2 Bf5 10. O-O Nd7 11. Rc1 Be7 12. Bd3 Bxd3 13. Qxd3 Nf6 14. Ne5 Bd6
15. f4 O-O 16. Rb1 a5 17. b3 Bb4 18. Na4 Ne4 19. Rfc1 Bd6 20. Nc3 Bxe5 21. fxe5
Nxc3 22. Rxc3 f6 23. e4 fxe5 24. exd5 Qxd5 25. dxe5 Qxe5 26. Rbc1 Rad8 27. Qc4+
Rd5 28. a4 Kh8 29. R3c2 Qe3+ 30. Kh1 Rd2 31. Rxd2 Qxd2 32. Rf1 Rxf1+ 33. Qxf1
Qb4 34. Qd1 Qe7 35. h3 b6 36. Qd3 Qe8 37. Qd2 Qe7 38. Qd3 Qe1+ 39. Kh2 Qe5+ 40.
Kg1 Qd5 41. Qc3 Qc5+ 42. Qxc5 bxc5 43. g4 g5 44. Kf2 Kg7 45. Ke3 Kf6 46. Kd3
Ke7 47. Kc4 Kd6 48. Kc3 Kd5 49. Kd3 c4+ 50. bxc4+ Ke5 51. Ke3 c5 52. Kd3 Kf4
53. Kd2 Ke4 54. Kc3 Ke3 55. Kc2 Kd4 56. Kd2 Kxc4 0-1

[Event "SR 3. liga A2 2010/2011"]
[Site "?"]
[Date "2010.12.12"]
[Round "5.2"]
[White "Kozinka, Roman"]
[Black "Manak, Jozef"]
[Result "1-0"]
[WhiteElo "2049"]
[BlackElo "2032"]
[PlyCount "73"]
[EventDate "2010.??.??"]
[WhiteTeam "Slovakia"]
[BlackTeam "II"]
[WhiteTeamCountry "SVK"]
[BlackTeamCountry "SVK"]

1. d4 d5 2. Nf3 Nf6 3. g3 Bf5 4. Bg2 e6 5. c4 Bb4+ 6. Bd2 Bxd2+ 7. Nbxd2 c6 8.
O-O Qb6 9. cxd5 exd5 10. Nh4 Bg4 11. Nb3 Nbd7 12. h3 Bh5 13. f4 h6 14. g4 Bg6
15. Nxg6 fxg6 16. Qc2 Nf8 17. e4 O-O-O 18. e5 Ng8 19. Qc3 Ne7 20. Nc5 h5 21. b4
Qc7 22. Rf2 b6 23. Nb3 Kb7 24. a4 Qd7 25. Qg3 hxg4 26. hxg4 Ne6 27. Qd3 g5 28.
a5 b5 29. f5 Ka8 30. fxe6 Qxe6 31. Qf3 Qh6 32. Bf1 Ng6 33. Qg3 Nf4 34. Rh2 Qg6
35. Raa2 Qb1 36. Qc3 Kb7 37. Rac2 1-0

[Event "SR 3. liga A2 2010/2011"]
[Site "?"]
[Date "2010.12.12"]
[Round "5.2"]
[White "Meszaros, Lorant"]
[Black "Merva, Frantisek"]
[Result "1/2-1/2"]
[WhiteElo "2076"]
[BlackElo "2038"]
[PlyCount "106"]
[EventDate "2010.??.??"]
[WhiteTeam "Slovakia"]
[BlackTeam "II"]
[WhiteTeamCountry "SVK"]
[BlackTeamCountry "SVK"]

1. d4 Nf6 2. c4 g6 3. g3 Bg7 4. Bg2 d5 5. cxd5 Nxd5 6. e4 Nb6 7. Ne2 O-O 8. O-O
c6 9. Nbc3 Bg4 10. f3 Be6 11. b3 Na6 12. Be3 Nb4 13. a3 Na6 14. Qc2 Qd7 15.
Rfd1 Rad8 16. Nf4 Qc8 17. Nxe6 Qxe6 18. Rd2 Nd5 19. Nxd5 cxd5 20. Rad1 Rc8 21.
Qd3 Qc6 22. exd5 Qxd5 23. f4 Qd7 24. b4 Nb8 25. Qe4 b6 26. d5 Rc3 27. Rd3 Rxd3
28. Qxd3 Rc8 29. Rc1 Rxc1+ 30. Bxc1 Qc7 31. Bd2 Nd7 32. g4 Nf6 33. h3 Ne8 34.
f5 Be5 35. fxg6 hxg6 36. h4 Nf6 37. g5 Nh5 38. Be4 Bb2 39. Qf3 Qe5 40. a4 Bd4+
41. Kg2 Bb2 42. Qe3 Bd4 43. Qf3 Bb2 44. Qe3 Ba1 45. Kh3 Bd4 46. Qf3 Qd6 47. Qg4
Be5 48. Qc8+ Kg7 49. Qc6 Qb8 50. Qd7 Bd4 51. Qg4 Qe5 52. Qf3 Kg8 53. Kg2 Bb2
1/2-1/2

[Event "SR 3. liga A2 2010/2011"]
[Site "?"]
[Date "2010.12.12"]
[Round "5.2"]
[White "Strakac, Petr"]
[Black "Sefcik, Marek"]
[Result "1-0"]
[WhiteElo "2046"]
[BlackElo "2025"]
[PlyCount "92"]
[EventDate "2010.??.??"]
[WhiteTeam "Slovakia"]
[BlackTeam "II"]
[WhiteTeamCountry "SVK"]
[BlackTeamCountry "SVK"]

1. e4 c5 2. Nc3 e6 3. g3 b6 4. Bg2 Bb7 5. Nge2 d6 6. O-O Be7 7. d4 a6 8. f4 Nd7
9. d5 e5 10. f5 Bg5 11. a4 h5 12. h3 Qf6 13. Kh2 Qh6 14. Ng1 f6 15. Nf3 Bxc1
16. Rxc1 Ne7 17. Nd2 Rd8 18. Nc4 Nc8 19. Rb1 a5 20. Nb5 Ke7 21. Nc7 Nb8 22. Rf3
Rd7 23. Ne6 Ba6 24. Na3 Rb7 25. c3 Nd7 26. b4 cxb4 27. cxb4 axb4 28. Rxb4 Na7
29. Rfb3 Rc8 30. Nc2 g6 31. a5 Bc4 32. Rb2 b5 33. Na3 Rbb8 34. Qg1 Ra8 35. Nxc4
Rxc4 36. Rxc4 bxc4 37. Nc7 c3 38. Rc2 Nc5 39. Nxa8 Nb5 40. Qf1 Nd4 41. Rxc3 Qd2
42. Qc1 Qf2 43. Qe3 Qb2 44. Nb6 gxf5 45. Nc4 Qb1 46. Rc1 Qa2 1-0

[Event "SR 3. liga A2 2010/2011"]
[Site "?"]
[Date "2010.12.12"]
[Round "5.3"]
[White "Gono, Michal"]
[Black "Lopatievov, Alexander"]
[Result "1-0"]
[WhiteElo "1951"]
[BlackElo "1988"]
[PlyCount "81"]
[EventDate "2010.??.??"]
[WhiteTeam "Slovakia"]
[BlackTeam "II"]
[WhiteTeamCountry "SVK"]
[BlackTeamCountry "SVK"]

1. d4 Nf6 2. Nf3 e6 3. Bg5 Be7 4. e3 b6 5. Bd3 Bb7 6. Nbd2 c5 7. c3 O-O 8. O-O
d6 9. Qc2 h6 10. Bh4 Nc6 11. h3 cxd4 12. exd4 Rc8 13. Qa4 a6 14. a3 b5 15. Qd1
Na5 16. Qe2 Qc7 17. b4 Nc4 18. Bxc4 bxc4 19. Bxf6 Bxf6 20. Ne4 Be7 21. Nfd2 Qc6
22. f4 f5 23. Ng3 Qd5 24. a4 Bh4 25. Nh1 Rf6 26. Nf3 g5 27. Kh2 Kh8 28. g3
Bxg3+ 29. Nxg3 g4 30. Nh4 Rg8 31. Nh5 Rf7 32. Rg1 Kh7 33. Rae1 Bc8 34. hxg4 Kh8
35. gxf5 Rxf5 36. Rxg8+ Kxg8 37. Qg4+ Kf8 38. Nxf5 Qxf5 39. Qxf5+ exf5 40. Nf6
Kf7 41. Ne8 1-0

[Event "SR 3. liga A2 2010/2011"]
[Site "?"]
[Date "2010.12.12"]
[Round "5.3"]
[White "Kocak, Branislav"]
[Black "Sebesta, Radovan"]
[Result "1/2-1/2"]
[WhiteElo "1927"]
[BlackElo "2076"]
[PlyCount "46"]
[EventDate "2010.??.??"]
[WhiteTeam "Slovakia"]
[BlackTeam "II"]
[WhiteTeamCountry "SVK"]
[BlackTeamCountry "SVK"]

1. d4 Nf6 2. c4 e6 3. Nf3 b6 4. Nc3 Bb4 5. Bg5 h6 6. Bxf6 Qxf6 7. e3 Bb7 8. Be2
O-O 9. O-O Bxc3 10. bxc3 d6 11. Nd2 Nd7 12. Bf3 Bxf3 13. Qxf3 Qxf3 14. Nxf3
Rfe8 15. Nd2 e5 16. Rfe1 Rad8 17. f3 f5 18. e4 f4 19. Kf2 Nb8 20. Nb3 a5 21. a4
Nd7 22. Rad1 $11 Kf7 23. Rd2 Rc8 1/2-1/2

[Event "SR 3. liga A2 2010/2011"]
[Site "?"]
[Date "2010.12.12"]
[Round "5.3"]
[White "Kovarik, Oto"]
[Black "Kubis, Ivan"]
[Result "1/2-1/2"]
[WhiteElo "2025"]
[BlackElo "1980"]
[PlyCount "22"]
[EventDate "2010.??.??"]
[WhiteTeam "Slovakia"]
[BlackTeam "II"]
[WhiteTeamCountry "SVK"]
[BlackTeamCountry "SVK"]

1. e4 a6 2. d4 b5 3. c4 Bb7 4. cxb5 axb5 5. Nf3 Bxe4 6. Bxb5 c6 7. Be2 Nf6 8.
Nc3 Bg6 9. O-O e6 10. Ne5 d6 11. Nxg6 hxg6 1/2-1/2

[Event "SR 3. liga A2 2010/2011"]
[Site "?"]
[Date "2010.12.12"]
[Round "5.3"]
[White "Krist, Milan"]
[Black "Jakubec, Milan"]
[Result "1/2-1/2"]
[WhiteElo "2004"]
[BlackElo "2073"]
[PlyCount "98"]
[EventDate "2010.??.??"]
[WhiteTeam "Slovakia"]
[BlackTeam "II"]
[WhiteTeamCountry "SVK"]
[BlackTeamCountry "SVK"]

1. d4 d5 2. c4 e6 3. Nf3 Nf6 4. Nc3 Nbd7 5. e3 c6 6. Bd3 Bd6 7. O-O O-O 8. Re1
dxc4 9. Bxc4 e5 10. b3 exd4 11. exd4 Nb6 12. Bb2 Nxc4 13. bxc4 Bg4 14. Qd3 Bc7
15. Ne4 Re8 16. Ng3 Ba5 17. Rxe8+ Qxe8 18. d5 Bxf3 19. Bxf6 Bg4 20. Bxg7 Qd7
21. Bb2 Bd8 22. Qd4 f6 23. Ne4 Qg7 24. Nxf6+ Bxf6 25. Qxf6 Qxf6 26. Bxf6 Kf7
27. Bh4 cxd5 28. cxd5 b5 29. Re1 Re8 30. Rxe8 Kxe8 31. f3 Bh5 32. a3 Bf7 33. d6
Kd7 34. Bf2 a5 35. Be1 b4 36. axb4 a4 37. Bc3 Kxd6 38. Kf2 Kd5 39. Ke3 Kc4 40.
Ba1 a3 41. g4 Kxb4 42. Kd4 Kb5 43. Ke5 Kc6 44. Kf6 Bd5 45. f4 Bf3 46. g5 Kd5
47. f5 Ke4 48. g6 hxg6 49. fxg6 Kf4 1/2-1/2

[Event "SR 3. liga A2 2010/2011"]
[Site "?"]
[Date "2010.12.12"]
[Round "5.4"]
[White "Hrubsa, Marian"]
[Black "Jozefovic, Milan"]
[Result "1-0"]
[WhiteElo "1979"]
[BlackElo "1917"]
[PlyCount "179"]
[EventDate "2010.??.??"]
[WhiteTeam "Slovakia"]
[BlackTeam "II"]
[WhiteTeamCountry "SVK"]
[BlackTeamCountry "SVK"]

1. e4 e6 2. d4 Be7 3. Bd3 Nf6 4. Ne2 d6 5. Nd2 b6 6. c4 Nc6 7. a3 O-O 8. O-O
Bb7 9. f4 e5 10. fxe5 dxe5 11. d5 Bc5+ 12. Kh1 Ne7 13. Nf3 Ng4 14. Qe1 Ng6 15.
b4 Bd6 16. Ng3 Bc8 17. Bd2 Nh4 18. Ng5 h6 19. Nf3 Nxf3 20. Rxf3 Nf6 21. Nf5
Bxf5 22. Rxf5 Kh7 23. Qe2 Ng8 24. Raf1 f6 25. Qf2 Rc8 26. Qg3 c5 27. b5 Rc7 28.
Be2 Ne7 29. Bg4 Qe8 30. Rh5 Qf7 31. Qh3 Qg6 32. Bf5 Nxf5 33. exf5 Qe8 34. Bxh6
Kg8 35. Be3 Kf7 36. Rh7 Rg8 37. Qg4 Kf8 38. Qe4 Kf7 39. Bh6 Kf8 40. Bd2 Ke7 41.
Rf3 Kd8 42. a4 Kc8 43. a5 Rh8 44. Rfh3 Rxh7 45. Rxh7 Rf7 46. axb6 axb6 47. Kg1
Kb7 48. Rh3 Qa8 49. Rc3 Qa1+ 50. Kf2 Rf8 51. Qg4 Rf7 52. Qe4 Qb2 53. Rc2 Qd4+
54. Kf3 Rf8 55. Ra2 Qg1 56. h3 Qd4 57. Be3 Qd1+ 58. Kg3 Qe1+ 59. Kf3 Rh8 60.
Bf2 Qc3+ 61. Ke2 Rh5 62. Rc2 Qb3 63. h4 Rh8 64. Qd3 Qb1 65. Rd2 Qh1 66. Qg3 g5
67. Rd1 Qxh4 68. Qxh4 gxh4 69. Rh1 e4 70. Rxh4 Rg8 71. g4 Bf4 72. Be3 Bg3 73.
Rh7+ Kc8 74. Rh6 Rxg4 75. Rxf6 Be5 76. Rxb6 Bd4 77. Rg6 Rh4 78. Rg2 Rh3 79.
Bxd4 cxd4 80. f6 Re3+ 81. Kf1 Kd7 82. Rf2 Ke8 83. f7+ Kf8 84. d6 Ra3 85. d7 Ra8
86. c5 e3 87. Ra2 Rd8 88. c6 d3 89. c7 e2+ 90. Ke1 1-0

[Event "SR 3. liga A2 2010/2011"]
[Site "?"]
[Date "2010.12.12"]
[Round "5.4"]
[White "Lajda, Dusan"]
[Black "Hagara, Vladimir"]
[Result "0-1"]
[WhiteElo "1890"]
[BlackElo "1900"]
[PlyCount "86"]
[EventDate "2010.??.??"]
[WhiteTeam "Slovakia"]
[BlackTeam "II"]
[WhiteTeamCountry "SVK"]
[BlackTeamCountry "SVK"]

1. e4 c5 2. Nf3 d6 3. d4 cxd4 4. Nxd4 Nf6 5. Nc3 a6 6. Be3 Qc7 7. Qd2 b5 8. Bd3
Bb7 9. a3 Nbd7 10. f3 e6 11. O-O Be7 12. Qf2 d5 13. exd5 Nxd5 14. Nxd5 Bxd5 15.
Ne2 O-O 16. Rfd1 Nc5 17. Rac1 Rac8 18. c3 Nxd3 19. Rxd3 Bc4 20. Rd2 Bxe2 21.
Qxe2 $11 Rfd8 22. Rcd1 Rxd2 23. Rxd2 Rd8 24. g3 Rxd2 25. Qxd2 Qd6 26. Qc2 Qd5
27. Kf2 g6 28. b4 e5 29. a4 f5 30. axb5 axb5 31. Ke2 Kf7 32. Qd3 Ke6 33. h3 $11
Qxd3+ 34. Kxd3 Kd5 35. h4 e4+ 36. fxe4+ fxe4+ 37. Kc2 Kc4 38. Bd4 Bxb4 39. Be5
Bc5 40. Bf4 Bf2 41. Be5 Be1 42. Kb2 Kd3 43. Kb3 e3 0-1

[Event "SR 3. liga A2 2010/2011"]
[Site "?"]
[Date "2010.12.12"]
[Round "5.4"]
[White "Mackovic, Matus"]
[Black "Manak, Adrian"]
[Result "1-0"]
[WhiteElo "1846"]
[BlackElo "1909"]
[PlyCount "65"]
[EventDate "2010.??.??"]
[WhiteTeam "Slovakia"]
[BlackTeam "II"]
[WhiteTeamCountry "SVK"]
[BlackTeamCountry "SVK"]

1. e4 e6 2. d4 d5 3. Nd2 Nf6 4. e5 Nfd7 5. f4 c5 6. Ndf3 cxd4 7. Nxd4 Nc6 8.
Ngf3 Bc5 9. c3 a5 10. Be2 Qc7 11. O-O b6 12. Be3 g6 13. Qd2 Be7 14. Nxc6 Qxc6
15. Nd4 Qc7 16. Rac1 Bb7 17. c4 Nc5 18. cxd5 Bxd5 19. Bb5+ Kf8 20. Bc4 Rd8 21.
Qe2 h5 22. Rfd1 Kg7 23. f5 gxf5 24. Nxf5+ Kf8 25. Bh6+ Rxh6 26. Nxh6 Bg5 27.
Nxf7 Bxc4 28. Rxd8+ Qxd8 29. Qf2 Be3 30. Qxe3 Kxf7 31. Qf4+ Kg8 32. Qxc4 Qd2
33. Qc3 1-0

[Event "SR 3. liga A2 2010/2011"]
[Site "?"]
[Date "2010.12.12"]
[Round "5.4"]
[White "Palka, Miroslav"]
[Black "Kastler, Peter"]
[Result "1-0"]
[WhiteElo "1935"]
[BlackElo "1711"]
[PlyCount "55"]
[EventDate "2010.??.??"]
[WhiteTeam "Slovakia"]
[BlackTeam "II"]
[WhiteTeamCountry "SVK"]
[BlackTeamCountry "SVK"]

1. c4 c6 2. Nc3 d5 3. d4 Bf5 4. cxd5 cxd5 5. Qb3 e6 6. Qxb7 Nd7 7. Nf3 Ngf6 8.
Bf4 Be7 9. e3 O-O 10. Ba6 Nb6 11. Bc7 Qe8 12. O-O e5 13. Bb5 Bc8 14. Qxa8 Nxa8
15. Bxe8 Nxc7 16. Bc6 exd4 17. Nxd4 Bb4 18. Rac1 Ba6 19. Rfd1 Rd8 20. a3 Bxc3
21. Rxc3 Rb8 22. b4 Bc4 23. Nf5 Ne4 24. Rcc1 Rb6 25. Rxc4 g6 26. Ne7+ Kf8 27.
Nxd5 Ne6 28. Nxb6 1-0

[Event "SR 3. liga A2 2010/2011"]
[Site "?"]
[Date "2010.12.12"]
[Round "5.4"]
[White "Szekely, Stefan"]
[Black "Takacs, Laszlo"]
[Result "0-1"]
[WhiteElo "1976"]
[BlackElo "1921"]
[PlyCount "112"]
[EventDate "2010.??.??"]
[WhiteTeam "Slovakia"]
[BlackTeam "II"]
[WhiteTeamCountry "SVK"]
[BlackTeamCountry "SVK"]

1. c4 Nf6 2. Nc3 g6 3. Nf3 Bg7 4. g3 O-O 5. Bg2 d6 6. O-O e5 7. d3 c6 8. c5 Re8
9. cxd6 Qxd6 10. Bg5 $11 Nbd7 11. Nd2 h6 12. Nde4 Nxe4 13. Nxe4 Qc7 14. Bd2 f5
15. Nc3 Nf6 16. Rc1 Be6 17. b3 Qe7 18. Na4 Bd5 19. f3 Rad8 20. Qe1 Rc8 21. Bb4
$11 Qf7 22. e4 Be6 23. Nc5 b6 24. Nxe6 Qxe6 25. Rd1 c5 26. Bd2 Rcd8 27. Be3 Nd7
28. Rf2 Nb8 29. Bf1 Kh7 30. h4 Qf7 31. Bh3 f4 32. gxf4 exf4 33. Bc1 Bd4 34. Kf1
Bxf2 35. Qxf2 Nc6 36. h5 Nd4 37. hxg6+ Kxg6 38. Bb2 Kh7 39. Bxd4 Rxd4 40. Ke2
Rg8 41. Qh4 Rg5 42. Bf5+ Kg7 43. Rh1 Qf6 44. Qxf4 Rd6 45. e5 Re6 46. d4 cxd4
47. Qxd4 Qxf5 48. f4 Rg4 49. Qd7+ Qf7 50. Qxf7+ Kxf7 51. Kf3 Rg8 52. Ke4 Rc6
53. Rd1 Ke7 54. Rh1 Rg2 55. f5 Rg4+ 56. Kd5 Rc5# 0-1

[Event "SR 3. liga A2 2010/2011"]
[Site "?"]
[Date "2010.12.12"]
[Round "5.5"]
[White "Chabada, Tomas"]
[Black "Londin, Martin"]
[Result "0-1"]
[WhiteElo "1930"]
[BlackElo "1977"]
[PlyCount "82"]
[EventDate "2010.??.??"]
[WhiteTeam "Slovakia"]
[BlackTeam "II"]
[WhiteTeamCountry "SVK"]
[BlackTeamCountry "SVK"]

1. e4 e5 2. Nf3 Nc6 3. Bb5 a6 4. Ba4 Nf6 5. O-O Be7 6. Re1 b5 7. Bb3 O-O 8. a4
Bb7 9. c3 d6 10. d4 exd4 11. cxd4 Na5 12. Bc2 c5 13. Qe2 Qb6 14. e5 Nd5 15. Ng5
Bxg5 16. Bxg5 dxe5 17. dxe5 Nb4 18. Bf5 g6 19. Nc3 Nb3 20. Rad1 Nd4 21. Rxd4
cxd4 22. Ne4 Bxe4 23. Bxe4 Rae8 24. Bf6 Re6 25. Qd2 a5 26. axb5 Rxf6 27. exf6
Qxf6 28. Ra1 Qb6 29. Bd3 Rc8 30. h4 Rc5 31. Bf1 Rc2 32. Qf4 d3 33. Qe5 Qxf2+
34. Kh1 Qxh4+ 35. Kg1 Qd8 36. Rxa5 d2 37. b6 d1=Q 38. b7 Q1d4+ 39. Qxd4 Qxd4+
40. Kh2 Qd6+ 41. Kg1 Nc6 0-1

[Event "SR 3. liga A2 2010/2011"]
[Site "?"]
[Date "2010.12.12"]
[Round "5.5"]
[White "Kantor, Reka"]
[Black "Kalmar, Tamas"]
[Result "1/2-1/2"]
[WhiteElo "2003"]
[BlackElo "1754"]
[PlyCount "64"]
[EventDate "2010.??.??"]
[WhiteTeam "Slovakia"]
[BlackTeam "II"]
[WhiteTeamCountry "SVK"]
[BlackTeamCountry "SVK"]

1. e4 e6 2. d4 d5 3. e5 c5 4. c3 Nc6 5. Nf3 Qb6 6. a3 c4 7. Be2 Bd7 8. O-O f6
9. Re1 O-O-O 10. Nbd2 fxe5 11. dxe5 Bc5 12. Rf1 Nh6 13. h3 Qc7 14. b3 b5 15.
bxc4 bxc4 16. Qa4 Qa5 17. Qc2 Nf7 18. Rb1 Kc7 19. Re1 Rb8 20. Bf1 Rxb1 21. Nxb1
Ne7 22. Be3 Ng6 23. g3 Rb8 24. Bxc5 Qxc5 25. h4 Qb6 26. Nbd2 Qb2 27. Qxb2 Rxb2
28. Bh3 Ra2 29. Nb1 h6 30. h5 Ne7 31. Nd4 Ng5 32. Bg2 Nf7 1/2-1/2

[Event "SR 3. liga A2 2010/2011"]
[Site "?"]
[Date "2010.12.12"]
[Round "5.5"]
[White "Mihalik, Anton"]
[Black "Mackovic, Miroslav"]
[Result "1-0"]
[WhiteElo "1919"]
[BlackElo "1915"]
[PlyCount "91"]
[EventDate "2010.??.??"]
[WhiteTeam "Slovakia"]
[BlackTeam "II"]
[WhiteTeamCountry "SVK"]
[BlackTeamCountry "SVK"]

1. c4 Nf6 2. Nc3 g6 3. g3 Bg7 4. Bg2 O-O 5. Nf3 Nc6 6. d4 d6 7. O-O a6 8. d5
Na5 9. Qd3 c5 10. e4 Rb8 11. Rb1 b5 12. Nd2 bxc4 13. Nxc4 Nxc4 14. Qxc4 a5 15.
Re1 Nd7 16. Na4 Ne5 17. Qc2 Ba6 18. Rd1 f5 19. f4 Ng4 20. h3 Nh6 21. e5 Qc7 22.
e6 Kh8 23. b3 Bd4+ 24. Rxd4 Qa7 25. Rd1 Ng8 26. Be3 Rfc8 27. Nb2 Nf6 28. Nc4
Bb5 29. a4 Bxc4 30. bxc4 Ra8 31. Rb5 Ne8 32. Rdb1 Rc7 33. Qb2+ Nf6 34. Rb7 Rxb7
35. Qxb7 Kg7 36. Qxa7 Rxa7 37. Rb5 Ne8 38. Bd2 Nc7 39. Rxa5 Rb7 40. Rb5 Nxb5
41. cxb5 Kf8 42. Bf1 Ke8 43. a5 Kd8 44. a6 Rb8 45. Ba5+ Kc8 46. b6 1-0

[Event "SR 3. liga A2 2010/2011"]
[Site "?"]
[Date "2010.12.12"]
[Round "5.5"]
[White "Puskas, Miroslav"]
[Black "Bjel, Jan"]
[Result "1/2-1/2"]
[WhiteElo "1970"]
[BlackElo "1883"]
[PlyCount "33"]
[EventDate "2010.??.??"]
[WhiteTeam "Slovakia"]
[BlackTeam "II"]
[WhiteTeamCountry "SVK"]
[BlackTeamCountry "SVK"]

1. e4 c5 2. Nf3 Nc6 3. d4 cxd4 4. Nxd4 g6 5. Be3 Bg7 6. c3 d6 7. Na3 Bd7 8. Qd2
Nf6 9. f3 a6 10. Be2 Qc7 11. Rc1 e5 12. Nb3 Be6 13. O-O b5 14. Rfd1 Rd8 15. Kh1
O-O 16. Bh6 Na5 17. Bxg7 $11 1/2-1/2

[Event "SR 3. liga A2 2010/2011"]
[Site "?"]
[Date "2010.12.12"]
[Round "5.5"]
[White "Valla, Tomas"]
[Black "Gasa, Patrik"]
[Result "1-0"]
[WhiteElo "1790"]
[BlackElo "1706"]
[PlyCount "108"]
[EventDate "2010.??.??"]
[WhiteTeam "Slovakia"]
[BlackTeam "II"]
[WhiteTeamCountry "SVK"]
[BlackTeamCountry "SVK"]

1. e4 c5 2. c3 a6 3. d4 e6 4. Nf3 Nf6 5. Bd3 b5 6. O-O c4 7. Bc2 Bb7 8. Qe2 Be7
9. Re1 Nc6 10. Nbd2 Qc7 11. Nf1 d5 12. e5 Nd7 13. Ng3 O-O-O 14. Ng5 Bxg5 15.
Bxg5 Rdg8 16. Nh5 h6 17. Bd2 g6 18. Nf4 Nf8 19. Qe3 Ne7 20. a4 h5 21. axb5 axb5
22. Nh3 Nf5 23. Qf4 Nh7 24. Ng5 Nxg5 25. Qxg5 h4 26. h3 b4 27. b3 Rh5 28. Qg4
Kd7 29. cxb4 Qb6 30. Bxf5 exf5 31. Qf4 Rc8 32. Rec1 Rhh8 33. Qe3 cxb3 34. Rxc8
Rxc8 35. Rb1 Rc4 36. Bc3 f4 37. Qd3 Ba6 38. Qd2 g5 39. Rxb3 Rc7 40. Ra3 Bc4 41.
Ra5 Qg6 42. Qd1 Qf5 $11 43. Qa4+ Ke7 44. Ra8 Rd7 45. Qa5 f6 46. Qc5+ Kf7 47.
Rf8+ Kg7 48. Rxf6 Qb1+ 49. Kh2 Rf7 50. Rxf7+ Kxf7 51. Qc7+ Kg6 52. Qc6+ Kg7 53.
Qf6+ Kg8 54. Qxg5+ Kf8 1-0